| 000 | 01658nam a2200397 i 4500 | ||
|---|---|---|---|
| 005 | 20220317002019.0 | ||
| 007 | ta | ||
| 008 | 201106s2018 ck a br 000 pdspa d | ||
| 020 | _a9789584269218 | ||
| 020 | _a9584269216 | ||
| 040 |
_aCO-BoRNBP _bspa _cCO-BoRNBP _erda |
||
| 041 | 0 | _aspa | |
| 084 | _aP BAR35 | ||
| 100 | 1 |
_aBarros Palomino, José Benito _d1915-2007 _eautor |
|
| 245 | 1 | 3 |
_aLa llorona loca _cJosé Barros ; ilustraciones Pablo Quiroga |
| 250 | _aPrimera edición | ||
| 264 | 1 |
_aBogotá _bPlaneta colombiana _c2018 |
|
| 300 |
_a[28 ] páginas _bilustraciones _c21 cm |
||
| 336 |
_2rdacontent _atexto _btxt |
||
| 337 |
_2rdamedia _asin mediación _bn |
||
| 338 |
_2rdacarrier _avolumen _bnc |
||
| 490 | 0 |
_aPlaneta lector _aCanciones para aprender a leer _pAmarillo |
|
| 500 | _aObra basada en la canción homónima del compositor colombiano José Benito Barros Palomino | ||
| 521 | _aRecomendado para un público infantil mayor de 6 años | ||
| 545 | _aIncluye datos biográficos del autor al final del texto | ||
| 600 | 1 | 4 |
_aBarros Palomino, José Benito _d1915-2007 _cLa llorona loca _xAdaptaciones literarias _vPoesía _9156056 |
| 650 | 1 | 7 |
_2LEMB _aPoesía infantil colombiana _ySiglo XX |
| 650 | 1 | 7 |
_2LEMB _aLiteratura infantil colombina _ySiglo XX |
| 650 | 1 | 7 |
_2LEMB _aAutores colombianos _ySiglo XX |
| 650 | 1 | 7 |
_2LEMB _aCanciones folclóricas colombianas _vPoesía |
| 650 | 1 | 7 |
_2LEMB _aDanzas populares y nacionales colombianas _vPoesía |
| 650 | 1 | 7 |
_2LEMB _aMonstruos en religión, folclor, etc. _vPoesía |
| 650 | 1 | 7 |
_2LEMB _aMúsica folclórica _zColombia _vPoesía |
| 700 | 1 |
_aQuiroga, Pablo _eilustrador _9156063 |
|
| 942 |
_2loc _cBKLIT |
||
| 999 |
_c8896 _d8896 |
||